| 000 | 01290cam a22002294a 4500 | ||
|---|---|---|---|
| 005 | 20250605164024.0 | ||
| 008 | 250528s ||||||||||||||||||||||||d | ||
| 035 | _a16466 | ||
| 020 | _a130188662 | ||
| 040 |
_aGR-AtMCL _bgre _dGR-AtMCL _eAACR2 |
||
| 245 | 1 | _aElectronic Commerce / A Managerial Perspective | |
| 260 |
_bPrentice Hall International, _c2000 |
||
| 300 | _a520 | ||
| 520 | _aThe purpose of this book is to describe what Electronic Commerce is, how it is being conducted and managed, and what the major opportunities, limitations, isssues, and risks are. Foundations of Electronic Commerce, Retailing in Electronic Commerce, Internet Consumers and Market Research, Advertisement in Electronic Commerce, Electronic Commerce for Service Industries, Business-to-Business Electronic Commerce, Intranet and Extranet, EC Strategy and Implementation, Public Policy: From Legal Issues to Privacy, Infrastructure for EC, Economics and Global and Other Issues in EC, Creating Web Pages, Web Programming: Adding Desktop Interactivity and Dynamic Data Access, Software Agents, Glossary, Index. | ||
| 700 | 1 |
_aChung Michael H _92563 |
|
| 700 | 1 |
_aKing David _92564 |
|
| 700 | 1 |
_aLee Jae _92565 |
|
| 700 | 1 |
_aTurban Efraim _91346 |
|
| 942 | _cBK | ||
| 999 |
_c1964 _d1964 |
||